Transpozícia pomocou Rubikovej kocky

Enregistré dans:
Détails bibliographiques
Auteur principal: Kiska, Peter (Auteur)
Autres auteurs: Vojvoda, Milan (Directeur de thèse)
Format: Manuscrit Livre
Langue:slovaque
Publié: 2017
Sujets:
Accès en ligne:http://is.stuba.sk/zp/portal_zp.pl?podrobnosti=116039
Tags: Ajouter un tag
Pas de tags, Soyez le premier à ajouter un tag!

MARC

LEADER 00000ntm a22000003a 4500
001 stuzp62490
003 SK-STU
005 20170727093642.6
007 ta
008 150427s2015----xo-----f-mn---000-0-slo-d
040 |a STU  |b slo 
041 0 |a slo 
044 |a xo 
100 1 |a Kiska, Peter  |u 035000  |4 aut  |U FEI Fakulta elektrotechniky a informatiky  |T FEI Ústav informatiky a matematiky  |X 74713  |U E050  |Y 816  |7 74713 
242 0 1 |a Rubik´s cube transposition  |y eng 
245 1 0 |a Transpozícia pomocou Rubikovej kocky 
260 |c 2017 
300 |a 36 s.,  |b CD-ROM 
650 4 |a transpozičná šifra  |2 slo 
650 4 |a Rubikova kocka  |2 slo 
650 4 |a Cryptool  |2 slo 
650 4 |a transposition cipher  |2 eng 
650 4 |a Rubik´s cube  |2 eng 
650 4 |a Cryptool  |2 eng 
700 1 |a Vojvoda, Milan  |u 035000  |k Z1  |4 ths  |U FEI Fakulta elektrotechniky a informatiky  |T FEI Ústav informatiky a matematiky  |X 1885  |U E050  |Y 816  |7 A000001885 
856 4 |u http://is.stuba.sk/zp/portal_zp.pl?podrobnosti=116039 
996 |b 284ER02452  |c E*Bc- 2452  |l EE35  |s P  |a 0  |w stuzp62490_0001